000 01486nam a2200265Ii 4500
003 JO-AjNU
005 20240623130637.0
008 230605s9999||||xx |||||||||||||| ||und||
040 _aJO-AjNU
_bara
_erda
_cJO-AjNU
041 _aara
050 _aHF5667.15.
_bA2863 2011
100 1 _aابو قمر، مريم مفلح
_964885
_eمعد
245 0 _aدور لجان التدقيق في حوكمة الشركات المساهمة العامة الأردنية : دراسة ميدانية = The Role of Audit Committees in Corporate Governance in Jordanian Shareholding Companies : Field Study /
_c إعداد مريم مفلح أبو قمر ؛ إشراف أحمد محمد العمري.
260 _c2011
300 _a127 ورقة
336 _atext
_btxt
_2rdacontent
337 _aunmediated
_bn
_2rdamedia
338 _avolume
_bnc
_2rdacarrier
500 _aرسالة جامعية (ماجستير).- جامعة اليرموك (إربد، الأردن)، كلية الإقتصاد والعلوم الإدارية، قسم المحاسبة، 2010.
501 _aتحتوي على ملاحق
504 _aتحتوي على مراجع باللغتين العربية والانجليزية
650 4 0 _aمراجعة الحسابات-حوكمة الشركات-لجان التدقيق-شركات-محاسبة-الاوراق المالية-قوانين وتشريعات-الاردن.
_964887
700 1 _aالعمري، محمد أحمد
_951125
_eمشرف
942 _2lcc
_cTHS
999 _c33037
_d33037